[Event "London Classic op 8th"]
[Site "London"]
[Date "2016.12.15"]
[Round "8"]
[White "Johnson, Daniel"]
[Black "Klingher, Dominic"]
[Result "0-1"]
[WhiteElo "1877"]
[BlackElo "2126"]
[PlyCount "64"]
[EventDate "2016.12.09"]
[EventType "swiss"]
[EventRounds "9"]
[EventCountry "ENG"]
[SourceTitle "CBM 176 Extra"]
[Source "ChessBase"]
[SourceDate "2017.03.02"]
[SourceVersion "1"]
[SourceVersionDate "2017.03.02"]
[SourceQuality "1"]

1. d4 Nf6 2. c4 g6 3. Nc3 Bg7 4. Nf3 0-0 5. Bg5 d6 6. e3 Nbd7 7. Be2 e5 8. 0-0 Re8 9. Qc2 c6 10. Rfd1 Qc7 11. b4 h6 12. Bh4 Nh7 13. Bg3 f5 14. Rac1 Rf8 15. c5 d5 16. dxe5 Nxe5 17. Qb3 Be6 18. b5 Nxf3+ 19. Bxf3 Qf7 20. Qa4 Rfc8 21. bxc6 bxc6 22. Qa6 Ng5 23. Ne2 Nxf3+ 24. gxf3 g5 25. Rb1 Qh5 26. Rb7 Qxf3 27. Re7 Re8 28. Rxe8+ Rxe8 29. Qxc6 Bf7 30. Qa6 f4 31. c6 fxg3 32. hxg3 d4 0-1

[Event "London Classic op 8th"]
[Site "London"]
[Date "2016.12.11"]
[Round "4"]
[White "Nunbhakdi, Tawin Matthew"]
[Black "Klingher, Dominic"]
[Result "1/2-1/2"]
[WhiteElo "1923"]
[BlackElo "2126"]
[PlyCount "133"]
[EventDate "2016.12.09"]
[EventType "swiss"]
[EventRounds "9"]
[EventCountry "ENG"]
[SourceTitle "CBM 176 Extra"]
[Source "ChessBase"]
[SourceDate "2017.03.02"]
[SourceVersion "1"]
[SourceVersionDate "2017.03.02"]
[SourceQuality "1"]

1. d4 Nf6 2. c4 g6 3. Nf3 Bg7 4. g3 0-0 5. Bg2 d6 6. 0-0 Nc6 7. Nc3 a6 8. b3 e5 9. dxe5 dxe5 10. Qxd8 Rxd8 11. e4 Bg4 12. Ne1 Nd4 13. f3 Be6 14. Be3 Rd7 15. Rf2 Ne8 16. Rd2 Rad8 17. Rad1 Bf8 18. Nd3 f6 19. h3 Bf7 20. f4 Nc2 21. Rxc2 Rxd3 22. Rxd3 Rxd3 23. Kf2 exf4 24. gxf4 c6 25. Ke2 Rd7 26. Rd2 Rxd2+ 27. Kxd2 Nc7 28. Bf3 Be6 29. Bg4 h5 30. Bxe6+ Nxe6 31. Kd3 Kf7 32. f5 Ng5 33. Bxg5 fxg5 34. Ne2 Bd6 35. Ke3 gxf5 36. exf5 Kf6 37. Ke4 g4 38. hxg4 hxg4 39. Nf4 g3 40. Ng2 Kg5 41. a4 a5 42. Ne1 Kf6 43. Ng2 Ke7 44. Ne3 Kd7 45. Kf3 Be5 46. Ng4 Bc3 47. Kxg3 Kd6 48. Ne3 Ke5 49. Kf3 Kd4 50. Nd1 Bd2 51. Ke2 Bg5 52. Nf2 Bh4 53. Nd1 Be7 54. Kd2 Bg5+ 55. Kc2 Ke4 56. Nf2+ Kxf5 57. Kd3 Be7 58. Ne4 Ke5 59. Nd2 Bb4 60. Ne4 Be1 61. Nc5 b5 62. cxb5 cxb5 63. axb5 Kd5 64. Ne4 Bb4 65. b6 Kc6 66. Kc4 Kxb6 67. Nf6 1/2-1/2